60 ausgewählte vierstimmige Choräle. Für Klavier, Orgel oder Harmonium

Sparad:
Bibliografiska uppgifter
Materialtyp: Bok
Språk:tyska
Publicerad: Wiesbaden Breitkopf und Härtel 1950
Serie:Edition Breitkopf, 3747
Ämnen:
Taggar: Lägg till en tagg
Inga taggar, Lägg till första taggen!

MARC

LEADER 00000nam a2200000 a 4500
001 UCN2662
003 CL-VaPUC
005 20240628155538.0
008 010531e19500000GW |||||||||||||||||ger|d
999 |c 295717  |d 295715 
040 |c Pontificia Universidad Católica de Valparaíso 
082 0 4 |a 781.434 BAC 1950  |2 21 
100 |a Bach, Johann Sebastian  |d 1685-1750  |e compositor  |9 269760 
245 1 0 |a 60 ausgewählte vierstimmige Choräle. Für Klavier, Orgel oder Harmonium 
260 |a Wiesbaden  |b Breitkopf und Härtel  |c 1950 
300 |a 34 p 
490 0 |a Edition Breitkopf, 3747 
583 |a last modification  |c 20010531 00:00:00  |k Rodrigo Vera 
650 0 |a Armonización  |2 CL-VaPUC  |9 458769 
650 0 |a Técnicas de ejecución  |9 323937 
650 0 |a Música estudio e instrucción   |9 306355 
942 |c BK  |2 ddc 
945 |d 20010531 00:00:00  |a crobeson 
952 |0 0  |1 0  |4 0  |6 781_434000000000000_BAC_1950  |7 0  |8 F  |9 349039  |a BIBEDU  |b BIBEDU  |c BIBEDU_PB  |d 2019-11-20  |i 1184989  |o 781.434 BAC 1950  |p 1184989  |r 2023-11-22  |w 2019-11-20  |y BK_F  |k MUS